000 00346nam a2200145Ia 4500
005 20251222144900.0
008 251222s9999||||xx |||||||||||||| ||spa||
020 _a9780307346254
082 _a294.344.4/M61
100 _aMingyur Rinpoche, Yongey
245 4 _aThe Joy of Living
250 _a1ra.ed.
264 _bHarmony Books
942 _cLIB
999 _c21930
_d21930